| 000 | 01001cam a22003015a 4500 | ||
|---|---|---|---|
| 001 | 016319197 | ||
| 003 | OSt | ||
| 005 | 20201128021514.0 | ||
| 008 | 130111t2014 enka frbd 001 0 eng d | ||
| 020 | _a9780273789970 (pbk.) | ||
| 020 | _a027378997X (pbk.) | ||
| 040 |
_aUK-WkNB _beng _cUK-WkNB _dUkOxU _dUk _dEG-ScBUE |
||
| 082 | 0 | 4 |
_a658.4038011 _bLAU _222 |
| 100 | 1 |
_aLaudon, Kenneth C., _d1944- |
|
| 245 | 1 | 0 |
_aManagement information systems : _bmanaging the digital firm / _cKenneth C. Laudon, Jane P. Laudon. |
| 250 | _a13th ed., Global ed. | ||
| 260 |
_aHarlow : _bPearson Education Limited, _cc.2014. |
||
| 300 |
_a639 p. : _bill. (col.) ; _c28 cm. |
||
| 500 | _aPrevious edition : 2012. | ||
| 500 | _aGlossary : p. 607-619. | ||
| 500 | _aIncludes indexes. | ||
| 504 | _aBibliography : p. 591-605. | ||
| 651 | _2BUEsh | ||
| 653 |
_bCOMSCI _cAugust2015 _cDecember2015 |
||
| 650 | 7 |
_91296 _aManagement information systems _2BUEsh |
|
| 700 | 1 |
_aLaudon, Jane Price _c(Ph. D.), |
|
| 942 | _2ddc | ||
| 999 |
_c20562 _d20534 |
||